Thomas and Friends - Season 13 Episodes - Statistics

General Stats
  • This quiz has been taken 25 times
  • The average score is 7 of 20
Answer Stats
Episode #
Episode Title % Correct
2 The Lion of Sodor
75%
19 Buzzy Bees
50%
1 Creaky Cranky
50%
20 Hiro Helps Out
50%
14 Steamy Sodor
50%
16 The Biggest Present of All
50%
9 Time for a Story
50%
12 A Blooming Mess
25%
4 Double Trouble
25%
18 Henry's Good Deeds
25%
10 Percy's Parcel
25%
7 Play Time
25%
5 Slippy Sodor
25%
17 Snow Tracks
25%
15 Splish Splash Splosh
25%
6 The Early Bird
25%
8 Thomas and the Pigs
25%
13 Thomas and the Runaway Kite
25%
3 Tickled Pink
25%
11 Toby's New Whistle
25%
No matching quizzes found
Score Distribution
Percent of People with Each Score
Percentile by Number Answered
Your Score History
You have not taken this quiz